00742cam a22002171 4500001001300000003000400013005001700017008004100034010001700075035001900092040002900111042001200140050001700152100004200169245009400211260005500305300004400360500007200404650003300476999001500509agr30000448 DLC20260227110949.0800110s1929 io b 000 0 eng  aagr30000448  a(OCoLC)5861063 aDLCcNICdOCoLCdOOdDLC apremarc00aQK962.D8bB31 aBacker, Cornelis Andries,d1874-1963.14aThe problem of Krakatao as seen by a botanist,bby C. A. Backer. Published by the author. a[Sourabaya (Java)bPrinted by H. Van Ingen,c1929] a3 p. l., 299 p.b2 maps on 1 l.c28 cm. a"Further publications on the revegation of Krakatao": p. [273]-286. 0aBotanyzIndonesiazKrakatoa. c9335d9335